01092ntm a22002417a 450000500170000000800410001704000280005808200170008610000350010324501450013824601110028326000100039430000410040450001820044559000170062765000390064465300230068365500090070677700090071594200080072499900170073295201010074920170813154105.0170802s2013 xx a frb 000 0 eng d aEG-ScBUEbengcEG-ScBUE04222a624bSAA1 aSaad Eldin, Saad Eldin Khaled.14aThe difference between the force based seimsic desgin and the performance based seismc desgin approaches /cby Saad Eldin Khaled Saad Eldin.3 aThe difference between the force based seismic design and the performance based seismic design approaches. c2013. aiii, 73 p. : bill. (col.) ;c28 cm. aA dissertation submitted to the faculty of engineering. the British university in Egypt, in partial fulfillment of the requirements for the bachelor degree in civil engineering. abasant mousa 72BUEshaCivil EngineeringvProjects bENGCIVcAugust2017 vSPRO ASPRO 2ddc c25230d25202 00102ddc4070aMAINbMAINc2NDd2017-08-07l0o624 SAAp000046379r2025-07-15 00:00:00yPROJST